| 000 | 00496nam a2200181Ia 4500 | ||
|---|---|---|---|
| 008 | 131103s9999 xx 000 0 und d | ||
| 040 | _aLoreto College | ||
| 041 | _aEnglish | ||
| 082 |
_a922/SOU _bLCLIB |
||
| 100 | _aLawson, William | ||
| 245 | 2 |
_aA life of blessed Marie Therese De Soubiran _cWilliam Lawson |
|
| 260 |
_aLondon _bBurns & oates _c1952 |
||
| 300 |
_a170p. _c 20cm. |
||
| 650 | _aSoubiran, Marie Therese De | ||
| 651 | _aBiography | ||
| 850 | _aLCLIB/922/SOU | ||
| 942 | _cBK | ||
| 999 |
_c25458 _d75937 |
||